|
|
|
|
| LEADER |
01500nam a2200361 a 4500 |
| 001 |
35518 |
| 003 |
BD-DhAAL |
| 005 |
20211129152500.0 |
| 008 |
190919t1989 cau b 001 0 eng d |
| 999 |
|
|
|c 41319
|d 41319
|
| 010 |
|
|
|a 89045592
|
| 020 |
|
|
|a 1555421849
|
| 040 |
|
|
|a DLC
|c DLC
|d DLC
|d BD-DhAAL
|
| 043 |
|
|
|a n-us---
|
| 050 |
0 |
0 |
|a LB2806
|b .M375 1989
|
| 082 |
0 |
0 |
|a 371.200973
|2 20
|
| 100 |
1 |
|
|a Mauriel, John J.,
|d 1932-
|9 34905
|
| 245 |
1 |
0 |
|a Strategic leadership for schools :
|b creating and sustaining productive change /
|c John J. Mauriel ; in collaboration with B. Dean Bowles and Barbara Benedict Bunker.
|
| 250 |
|
|
|a First edition
|
| 260 |
|
|
|a San Francisco :
|b Jossey-Bass Publishers,
|c c1989.
|
| 300 |
|
|
|a xviii, 353 pages ;
|c 24 cm.
|
| 440 |
|
0 |
|a Jossey-Bass education series
|9 34906
|
| 504 |
|
|
|a Includes bibliographical references.
|
| 526 |
|
|
|a BIED
|
| 541 |
|
|
|a Complimentary copy from BIED
|e 35518
|
| 650 |
|
0 |
|a School management and organization
|z United States.
|9 34907
|
| 650 |
|
0 |
|a Educational planning
|z United States.
|9 34908
|
| 650 |
|
0 |
|a Educational innovations
|z United States.
|9 34909
|
| 700 |
1 |
|
|a Bowles, B. Dean.
|9 34910
|
| 700 |
1 |
|
|a Bunker, Barbara Benedict.
|9 34911
|
| 852 |
|
|
|a Ayesha Abed Library
|c BIED Collection
|
| 942 |
|
|
|2 ddc
|c BK
|
| 952 |
|
|
|0 0
|1 0
|2 ddc
|4 0
|6 371_200973000000000_MAU
|7 0
|9 66411
|a BRACUL
|b BRACUL
|c GEN
|d 2019-09-19
|e Complimentary copy from BIED
|l 0
|o 371.200973 MAU
|p 3010035518
|r 2019-09-19
|t 1
|w 2019-09-19
|y BK
|x Transferred from BIED to General Stacks
|